Textbook on The Transfer of Property Act  (Record no. 1312447)

MARC details
000 -LEADER
fixed length control field 00502nam a2200193Ia 4500
005 - DATE AND TIME OF LATEST TRANSACTION
control field 20250610105037.0
008 - FIXED-LENGTH DATA ELEMENTS--GENERAL INFORMATION
fixed length control field 008 250505s9999 xx 000 0 eng d
020 ## - INTERNATIONAL STANDARD BOOK NUMBER
International Standard Book Number 9789388548366
040 ## - CATALOGING SOURCE
Language of cataloging eng
Transcribing agency ILCL
041 ## - LANGUAGE CODE
Language code of text/sound track or separate title eng
Source of code eng
084 ## - COLON CLASSIFICATION NUMBER
Classification number Z2,2,4 Q9
100 ## - MAIN ENTRY--PERSONAL NAME
Personal name Singh, Avtar
245 #0 - TITLE STATEMENT
Title Textbook on The Transfer of Property Act 
250 ## - EDITION STATEMENT
Edition statement 6
260 ## - PUBLICATION, DISTRIBUTION, ETC.
Place of publication, distribution, etc. Haryana
Name of publisher, distributor, etc. Lexis Nexis
Date of publication, distribution, etc. 2019
300 ## - PHYSICAL DESCRIPTION
Extent lxvi,461p.
700 ## - ADDED ENTRY--PERSONAL NAME
Personal name Kaur, Harpreet
942 ## - ADDED ENTRY ELEMENTS (KOHA)
Koha item type Textbook
Source of classification or shelving scheme
999 ## -
-- 1312447
-- 1312447
Holdings
Withdrawn status Lost status Damaged status Not for loan Home library Current library Date acquired Source of acquisition Cost, normal purchase price Inventory number Total checkouts Full call number Barcode Date last seen Date last checked out Price effective from Koha item type
        Integrated Law Course library Integrated Law Course library 9-05-24 Singhal Publications 750.00 2701 dt.05-09-2024 2 Z2,2,4 Q9 IL1863607 2025-12-11 2025-10-31 2025-05-06 Textbook
        Integrated Law Course library Integrated Law Course library 9-05-24 Singhal Publications 750.00 2701 dt.05-09-2024 1 Z2,2,4 Q9 IL1863608 2025-12-11 2025-12-09 2025-05-06 Textbook
        Integrated Law Course library Integrated Law Course library 9-05-24 Singhal Publications 750.00 2701 dt.05-09-2024 1 Z2,2,4 Q9 IL1863609 2025-12-18 2025-09-11 2025-05-06 Textbook
        Integrated Law Course library Integrated Law Course library 9-05-24 Singhal Publications 750.00 2701 dt.05-09-2024 1 Z2,2,4 Q9 IL1863610 2026-01-21 2025-10-06 2025-05-06 Textbook
        Integrated Law Course library Integrated Law Course library 9-05-24 Singhal Publications 750.00 2701 dt.05-09-2024 1 Z2,2,4 Q9 IL1863611 2025-12-18 2025-10-14 2025-05-06 Textbook
        Integrated Law Course library Integrated Law Course library 9-05-24 Singhal Publications 750.00 2701 dt.05-09-2024 1 Z2,2,4 Q9 IL1863612 2025-12-18 2025-09-25 2025-05-06 Textbook
        Integrated Law Course library Integrated Law Course library 9-05-24 Singhal Publications 750.00 2701 dt.05-09-2024   Z2,2,4 Q9 IL1863613 2026-01-09   2025-05-06 Textbook
        Integrated Law Course library Integrated Law Course library 9-05-24 Singhal Publications 750.00 2701 dt.05-09-2024   Z2,2,4 Q9 IL1863614 2025-05-06   2025-05-06 Textbook
        Integrated Law Course library Integrated Law Course library 9-05-24 Singhal Publications 750.00 2701 dt.05-09-2024 3 Z2,2,4 Q9 IL1863615 2026-01-23 2025-11-14 2025-05-06 Textbook
        Integrated Law Course library Integrated Law Course library 9-05-24 Singhal Publications 750.00 2701 dt.05-09-2024 3 Z2,2,4 Q9 IL1863616 2025-12-22 2025-11-25 2025-05-06 Textbook
Copyright @ Delhi University Library System